000
00287nam a22001337a 4500
008
180221b xxu||||| |||| 00| 0 eng d
020
_a
9781256444633
041
_a
eng
080
_a
51
100
_a
36
101
_a
MAT
245
_a
College trigonometry
_c
Lial,M.L
942
_2
udc
_c
BK
999
_c
43055
_d
43055